Mantenimiento preventivo de generador industrial modelo CPDG 115 KW de la empresa Recursos Técnicos Industrial RTI

En este proyecto se pretende proponer un plan de mantenimiento que prevenga al máximo los problemas del generador eléctrico chicago pneumatic modelo CPDG115 para preservar la función del equipo y evitar al máximo los problemas en su funcionamiento.

Bibliographic Details
Main Authors: Lorío Rodríguez, Juan José, Rodríguez Castrillo, Arsenio Antonio
Other Authors: Tutor: Artola Chavarría, Lester Antonio
Format: Tesis Section = Libro
Language:Undetermined
Spanish
Published: Managua UNI 2019
Subjects:
LEADER 01191nam a2200265Ia 4500
008 240830s9999 xx 000 0 und d
040 |a BIBLIOTECA-RUPAP Mon 621.816 L874 
041 |a spa 
082 |a Mon 621.816 L874 
100 1 |a Lorío Rodríguez, Juan José 
100 1 |b  Rodríguez Castrillo, Arsenio Antonio 
245 1 0 |a Mantenimiento preventivo de generador industrial modelo CPDG 115 KW de la empresa Recursos Técnicos Industrial RTI 
260 |a Managua  |b UNI  |c 2019 
300 |a 125 p. :il. 
500 |a Contiene: anexos y CD 
502 |a Tesis (Ingeniero Mecánico)- UNI, 2019. 
520 3 |a En este proyecto se pretende proponer un plan de mantenimiento que prevenga al máximo los problemas del generador eléctrico chicago pneumatic modelo CPDG115 para preservar la función del equipo y evitar al máximo los problemas en su funcionamiento. 
650 7 |a GENERADOR INDUSTRIAL-MANTENIMIENTO PREVENTIVO Y CORRECTIVO 
650 7 |b FICHAS TECNICAS DE MANTENIMIENTO 
650 7 |c PLANIFICACION DE MANTENIMIENTO 
650 7 |d COSTOS DE MANTENIMIENTO 
700 1 |a Tutor:  |b Artola Chavarría, Lester Antonio 
942 |c BK  |2 ddc 
991 |a TESIS 
999 |c 15822